00526nam a2200193 a 4500001001300000003000900013005001700022008004100039020002300080082002100103100002100124245003400145260003900179300000800218500003500226505002400261650002600285700002100311nice12345678IN_TiNIC20260116013250.0050524s1999 jaia grp 000 0 eng  a8170337 c45000a306.0899145bSHA aSharma, Rajendra aPower Elite in Indian Society aJaipur bRawat Publications c1999 a240 aincludes index and biblioraphy2 aBibliography, Index aCaste-India-Rajasthan1 aSharma, Rajendra